Un científico humanista : (Record no. 193281)

MARC details
000 -LEADER
campo de control de longitud fija 02210nam a2200397 i 4500
001 - NÚMERO DE CONTROL
campo de control 193281
003 - IDENTIFICADOR DE NÚMERO DE CONTROL
campo de control SpMaBN
005 - FECHA Y HORA DE LA ÚLTIMA TRANSACCIÓN
campo de control 20250825062730.0
007 - CAMPO FIJO DE DESCRIPCIÓN FÍSICA--INFORMACIÓN GENERAL
campo de control de longitud fija ta
008 - DATOS DE LONGITUD FIJA--INFORMACIÓN GENERAL
campo de control de longitud fija 220810s2021 sp | |||| 000 0bspa
017 ## - NÚMERO DE COPYRIGHT O DE DEPÓSITO LEGAL
Número de copyright o de depósito legal V 3358-2021
Agencia que asigna Oficina Depósito Legal Valencia
020 ## - NÚMERO INTERNACIONAL ESTÁNDAR DEL LIBRO
Número Internacional Estándar del Libro 9788418756399
035 ## - NÚMERO DE CONTROL DEL SISTEMA
Número de control de sistema a7151712
040 ## - FUENTE DE CATALOGACIÓN
Centro catalogador/agencia de origen SpMaBN
Lengua de catalogación spa
Centro/agencia transcriptor SpMaBN
Normas de descripción rda
080 ## - NÚMERO DE LA CLASIFICACIÓN DECIMAL UNIVERSAL
Número de la Clasificación Decimal Universal 929 García Camarero, Ernesto (047.53)
100 1# - ENTRADA PRINCIPAL--NOMBRE DE PERSONA
Nombre de persona Macías, Luz
Término indicativo de función/relación Autor
9 (RLIN) 145842
245 13 - MENCIÓN DEL TÍTULO
Título Un científico humanista :
Resto del título conversando con Ernesto García Camarero /
Mención de responsabilidad, etc. Luz Macías
264 #1 - PRODUCCIÓN, PUBLICACIÓN, DISTRIBUCIÓN, FABRICACIÓN Y COPYRIGHT
Producción, publicación, distribución, fabricación y copyright [Valencia]
Nombre del de productor, editor, distribuidor, fabricante Cuadranta,
Fecha de producción, publicación, distribución, fabricación o copyright [2021]
300 ## - DESCRIPCIÓN FÍSICA
Extensión 137 páginas ;
Dimensiones 22 cm
336 ## - TIPO DE CONTENIDO
Término de tipo de contenido Texto
Fuente rdacontent
337 ## - TIPO DE MEDIO
Nombre/término del tipo de medio sin mediación
Fuente rdamedia
338 ## - TIPO DE SOPORTE
Nombre/término del tipo de soporte volumen
Fuente rdacarrier
504 ## - NOTA DE BIBLIOGRAFÍA, ETC.
Nota de bibliografía, etc. Bibliografía de Ernesto García Camarero: páginas 105-135
520 ## - RESUMEN, ETC.
Sumario, etc. Biografía de Ernesto García Camarero nacida a raíz de las conversaciones que tuvieron lugar entre él y la autora, Luz Macías.<br/>Del prólogo de la autora: «Lo que este sabio y otros como él, anteriores y contemporáneos, han aportado a la ciencia matemática e informática ha dotado a los científicos clínicos de las herramientas necesarias (por ejemplo, los algoritmos para su formulación o la imprescindible intercomunicación global de conocimientos) para poner a disposición de la humanidad, en tan corto plazo de tiempo, las vacunas que contribuirán a que esta pandemia no se lleve por delante a entre cincuenta y cien millones de personas, como hizo la de 1918.»
600 10 - PUNTO DE ACCESO ADICIONAL DE MATERIA--NOMBRE DE PERSONA
Nombre de persona García Camarero, Ernesto,
Subdivisión de forma Entrevistas
Fuente del encabezamiento o término embne
9 (RLIN) 234413
Fechas asociadas al nombre 1932-2022-
655 #0 - TERMINO DE INDIZACIÓN--GENERO/FORMA
Datos o término principal de género/forma Biografías
9 (RLIN) 176647
655 #0 - TERMINO DE INDIZACIÓN--GENERO/FORMA
Datos o término principal de género/forma Entrevistas
Fuente del término tgfbne
9 (RLIN) 234232
700 1# - ENTRADA AGREGADA--NOMBRE PERSONAL
Nombre de persona García Camarero, Ernesto,
Fechas asociadas al nombre 1932-2022
Término indicativo de función/relación Entrevistado
9 (RLIN) 54320
852 ## - LOCALIZACIÓN
Ubicación ES-MaACL
Sublocalización o colección R. 154685
Ubicación en estantería Depósito J
itemnumber 200712
Encuadernación Encuadernación rústica con solapas
Donativo/Legado Donación: Luz Macías
Número de control de estantería N-9459
903 ## - NOMBRE PERSONAL DE DONANTE
a Macías, Luz
e Donante
9 145842
942 ## - ELEMENTOS DE ENTRADA SECUNDARIOS (KOHA)
Suprimir en OPAC No
Tipo de ítem Koha Libro impreso
Holdings
Estatus retirado Estado de pérdida Fuente del sistema de clasificación o colocación Estado de daño No para préstamo Biblioteca de origen Biblioteca actual Ubicación en estantería Fecha de adquisición Fuente de adquisición Número de control de estantería Total de préstamos Signatura topográfica completa Código de barras Visto por última vez Tipo de ítem Koha
    Clasificación decimal universal     Biblioteca del Ateneo de Madrid Biblioteca del Ateneo de Madrid Depósito J 27/10/2023 Donación Ateneísta   N-9459 101206000 27/10/2023 Libro impreso